[Event "Las Canas op"]
[Site "Las Canas"]
[Date "2023.02.19"]
[Round "4"]
[White "Silva Rosas, Natalia"]
[Black "Zalisnak, Jacobo"]
[Result "0-1"]
[WhiteElo "1732"]
[BlackElo "2055"]
[PlyCount "54"]
[EventDate "2023.02.18"]
[EventType "swiss"]
[EventRounds "5"]
[EventCountry "URU"]
[SourceTitle "CBM 213 Extra"]
[Source "ChessBase"]
[SourceDate "2023.05.31"]
[SourceVersion "1"]
[SourceVersionDate "2023.05.31"]
[SourceQuality "1"]

1. e4 e6 2. d3 d5 3. Nd2 Nf6 4. Ngf3 c5 5. g3 b6 6. Bg2 Bb7 7. e5 Nfd7 8. 0-0 Nc6 9. Re1 g5 10. c4 d4 11. Ne4 h6 12. h3 Qc7 13. Qa4 0-0-0 14. a3 Kb8 15. b4 Ncxe5 16. Nxe5 Nxe5 17. Qb3 f5 18. f4 fxe4 19. fxe5 e3 20. bxc5 Bxc5 21. Qd1 Qxe5 22. Bxb7 Kxb7 23. Qf3+ Kb8 24. Re2 Qf5 25. Qxf5 exf5 26. Bb2 Rhf8 27. a4 f4 0-1

[Event "Las Canas op"]
[Site "Las Canas"]
[Date "2023.02.18"]
[Round "1"]
[White "Caillabet, Carlos"]
[Black "Silva Rosas, Natalia"]
[Result "0-1"]
[WhiteElo "1336"]
[BlackElo "1732"]
[PlyCount "108"]
[EventDate "2023.02.18"]
[EventType "swiss"]
[EventRounds "5"]
[EventCountry "URU"]
[SourceTitle "CBM 213 Extra"]
[Source "ChessBase"]
[SourceDate "2023.05.31"]
[SourceVersion "1"]
[SourceVersionDate "2023.05.31"]
[SourceQuality "1"]

1. d4 f5 2. e3 Nf6 3. Nf3 g6 4. Bd3 Bg7 5. c3 0-0 6. Nbd2 d6 7. 0-0 Qe8 8. Re1 h6 9. e4 fxe4 10. Nxe4 Bg4 11. h3 Bxf3 12. Qxf3 Nc6 13. Qe2 e5 14. dxe5 dxe5 15. Bb5 Nd5 16. Qc4 Rd8 17. Be3 a6 18. Bxc6 Qxc6 19. Qxc6 bxc6 20. Nc5 Nxe3 21. Rxe3 Rd2 22. Rb1 Rfxf2 23. Rg3 Kf7 24. Nxa6 e4 25. Re1 Rfe2 26. Rxe2 Rxe2 27. Nb4 c5 28. Nd5 Rxb2 29. Re3 c6 30. Nf4 Rxa2 31. Rxe4 Bxc3 32. Kh2 g5 33. Ne2 Bf6 34. Ng3 Rd2 35. Nf5 Kg6 36. Ne7+ Bxe7 37. Rxe7 Kf6 38. Rc7 Rd6 39. Kg3 c4 40. Rb7 Ke5 41. Rb1 Rd3+ 42. Kg4 c3 43. Rc1 Kd4 44. Kh5 Rd2 45. g3 Rh2 46. Kg4 c2 47. h4 gxh4 48. gxh4 Kd3 49. Kg3 Rd2 50. Kg4 Rd1 51. Rxc2 Kxc2 52. Kh5 Rh1 53. Kg4 c5 54. Kg3 c4 0-1

[Event "Montevideo Duchamp Cup 6th"]
[Site "Montevideo"]
[Date "2023.02.03"]
[Round "1"]
[White "Silva Rosas, Natalia"]
[Black "Roselli Mailhe, Bernardo"]
[Result "0-1"]
[WhiteElo "1732"]
[BlackElo "2372"]
[PlyCount "140"]
[EventDate "2023.02.03"]
[EventType "swiss"]
[EventRounds "9"]
[EventCountry "URU"]
[SourceTitle "CBM 212 Extra"]
[Source "ChessBase"]
[SourceDate "2023.03.31"]
[SourceVersion "1"]
[SourceVersionDate "2023.03.31"]
[SourceQuality "1"]

1. e4 c5 2. Nf3 e6 3. d3 Nc6 4. g3 d5 5. Nbd2 Bd6 6. Bg2 Nge7 7. 0-0 0-0 8. Re1 b5 9. Nf1 Bb7 10. h4 Bc7 11. Qe2 d4 12. e5 Rb8 13. h5 h6 14. N1h2 Nf5 15. Bd2 Ba5 16. a4 Bxd2 17. Nxd2 a6 18. Nhf3 Nb4 19. Ne4 c4 20. axb5 cxd3 21. cxd3 axb5 22. Qd2 Nd5 23. Ra7 Qb6 24. Rea1 Ra8 25. Rxa8 Rxa8 26. Rxa8+ Bxa8 27. g4 Nfe7 28. g5 Nf5 29. g6 fxg6 30. hxg6 Qd8 31. Nd6 Nde7 32. Qb4 Bxf3 33. Bxf3 Nxg6 34. Nxf5 exf5 35. Qxb5 Qg5+ 36. Bg2 Nf4 37. Qc6 Kh7 38. Qf3 Ng6 39. Qe2 Qc1+ 40. Bf1 Nf4 41. Qf3 Kg6 42. b4 Ne6 43. b5 Qc5 44. Bh3 Qxe5 45. b6 Nc5 46. b7 Na6 47. Qc6+ Qf6 48. Qxa6 Qxa6 49. b8Q Qxd3 50. Bf1 Qd2 51. Qe8+ Kh7 52. Qb5 Qg5+ 53. Kh2 Qf4+ 54. Kg1 Qg5+ 55. Kh2 Qf4+ 56. Kg1 h5 57. Bh3 g6 58. Qd3 Qc1+ 59. Kh2 Qc7+ 60. Kg1 Qc3 61. Bf1 Qxd3 62. Bxd3 Kh6 63. Kg2 Kg5 64. Kg3 h4+ 65. Kf3 Kf6 66. Bf1 g5 67. Bg2 Ke5 68. Bh1 g4+ 69. Ke2 h3 70. Kd3 f4 0-1

[Event "Titled Tuesday intern op 25th Oct Late"]
[Site "Chess.com INT"]
[Date "2022.10.25"]
[Round "4"]
[White "Shapiro, Daniel E"]
[Black "Silva Rosas, Natalia"]
[Result "1-0"]
[WhiteElo "2284"]
[BlackElo "1748"]
[PlyCount "57"]
[EventDate "2022.10.25"]
[EventType "swiss (blitz)"]
[EventRounds "11"]
[EventCountry "USA"]
[SourceTitle "EXT 2024"]
[Source "ChessBase"]
[SourceDate "2023.10.10"]
[SourceVersion "1"]
[SourceVersionDate "2023.10.10"]
[SourceQuality "1"]

1. d4 Nf6 2. c4 e5 3. dxe5 Ng4 4. Bf4 Nc6 5. Nf3 Bc5 6. e3 Bb4+ 7. Nbd2 Qe7 8. Be2 Ngxe5 9. Nxe5 Nxe5 10. 0-0 Bxd2 11. Qxd2 0-0 12. Rac1 d6 13. c5 dxc5 14. Qd5 Re8 15. Rfd1 c6 16. Qxe5 Qxe5 17. Bxe5 Be6 18. Rxc5 Bxa2 19. Bc3 Bb3 20. Rd7 a5 21. Rxb7 a4 22. Bb4 Rac8 23. Bc4 Bxc4 24. Rxc4 Red8 25. g3 Rd1+ 26. Kg2 a3 27. Bxa3 h6 28. Rf4 Rf8 29. Bxf8 1-0

[Event "Titled Tuesday intern op 25th Oct Late"]
[Site "Chess.com INT"]
[Date "2022.10.25"]
[Round "9"]
[White "Silva Rosas, Natalia"]
[Black "Joubert, Dantelle"]
[Result "0-1"]
[WhiteElo "1748"]
[BlackElo "1566"]
[PlyCount "52"]
[EventDate "2022.10.25"]
[EventType "swiss (blitz)"]
[EventRounds "11"]
[EventCountry "USA"]
[SourceTitle "EXT 2024"]
[Source "ChessBase"]
[SourceDate "2023.10.10"]
[SourceVersion "1"]
[SourceVersionDate "2023.10.10"]
[SourceQuality "1"]

1. e4 e5 2. f4 exf4 3. Nf3 d5 4. exd5 Nf6 5. d4 Bd6 6. Bb5+ c6 7. dxc6 Nxc6 8. d5 Nxd5 9. Bxc6+ bxc6 10. 0-0 0-0 11. c4 Bc5+ 12. Kh1 Ne3 13. Bxe3 fxe3 14. Qe2 Bg4 15. Nc3 Qe7 16. a3 a5 17. h3 Bh5 18. Rae1 Rfe8 19. g4 Bg6 20. Rd1 Rad8 21. g5 Be4 22. Rxd8 Rxd8 23. Nxe4 Qxe4 24. Kg1 Rd2 25. Qe1 Rf2 26. Kh1 Qxf3+ 0-1

[Event "Vicente Lopez ProAm 100 Years op"]
[Site "Buenos Aires"]
[Date "2022.10.15"]
[Round "5"]
[White "Silva Rosas, Natalia"]
[Black "Palomares, Lujan"]
[Result "1-0"]
[WhiteElo "1748"]
[BlackElo "1400"]
[PlyCount "79"]
[EventDate "2022.10.11"]
[EventType "swiss"]
[EventRounds "9"]
[EventCountry "ARG"]
[SourceTitle "CBM 210 Extra"]
[Source "ChessBase"]
[SourceDate "2022.11.30"]
[SourceVersion "1"]
[SourceVersionDate "2022.11.30"]
[SourceQuality "1"]

1. e4 c6 2. d3 d5 3. Nd2 e5 4. Ngf3 Nd7 5. g3 Ngf6 6. Bg2 Bc5 7. h3 0-0 8. 0-0 Re8 9. Re1 Bb6 10. b4 Qe7 11. c3 Bc7 12. a4 a5 13. Ba3 axb4 14. cxb4 Bd6 15. Qb3 dxe4 16. dxe4 Nb6 17. a5 Be6 18. Qc2 Nbd7 19. Ng5 h6 20. Nxe6 Qxe6 21. Nc4 Bf8 22. Red1 Rad8 23. Ne3 Nb8 24. Kh2 Na6 25. Rab1 Nc7 26. Rxd8 Rxd8 27. Nf5 Nb5 28. Bc1 Kh7 29. Bf1 g6 30. Bc4 Qd7 31. Bxb5 cxb5 32. Nh4 Rc8 33. Qe2 Qd4 34. Be3 Qxe4 35. Rd1 Bxb4 36. Qxb5 Ra8 37. Bb6 Bc3 38. Qb3 Bd4 39. Qxf7+ Kh8 40. Nxg6+ 1-0

[Event "Vicente Lopez ProAm 100 Years op"]
[Site "Buenos Aires"]
[Date "2022.10.14"]
[Round "4"]
[White "Axarlian, Carlos"]
[Black "Silva Rosas, Natalia"]
[Result "1-0"]
[WhiteElo "2029"]
[BlackElo "1748"]
[PlyCount "45"]
[EventDate "2022.10.11"]
[EventType "swiss"]
[EventRounds "9"]
[EventCountry "ARG"]
[SourceTitle "CBM 210 Extra"]
[Source "ChessBase"]
[SourceDate "2022.11.30"]
[SourceVersion "1"]
[SourceVersionDate "2022.11.30"]
[SourceQuality "1"]

1. e4 c5 2. Nf3 e6 3. d4 cxd4 4. Nxd4 a6 5. Nc3 Qc7 6. Bd3 Nf6 7. 0-0 Nc6 8. Nxc6 bxc6 9. Qf3 Bd6 10. h3 Rb8 11. Re1 Bh2+ 12. Kh1 Be5 13. Nd1 Qa5 14. c3 Bb7 15. Ne3 d5 16. exd5 cxd5 17. Ng4 Nxg4 18. Qxg4 Qc7 19. Rxe5 Qxe5 20. Bf4 h5 21. Qg3 h4 22. Qg4 f5 23. Qg6+ 1-0

[Event "Vicente Lopez ProAm 100 Years op"]
[Site "Buenos Aires"]
[Date "2022.10.12"]
[Round "2"]
[White "Beckerman, Marcelo"]
[Black "Silva Rosas, Natalia"]
[Result "0-1"]
[WhiteElo "1990"]
[BlackElo "1748"]
[PlyCount "134"]
[EventDate "2022.10.11"]
[EventType "swiss"]
[EventRounds "9"]
[EventCountry "ARG"]
[SourceTitle "CBM 210 Extra"]
[Source "ChessBase"]
[SourceDate "2022.11.30"]
[SourceVersion "1"]
[SourceVersionDate "2022.11.30"]
[SourceQuality "1"]

1. d4 Nf6 2. Nf3 g6 3. Bf4 Bg7 4. h3 d6 5. e3 0-0 6. Be2 Nc6 7. c4 Nh5 8. Bh2 f5 9. g4 fxg4 10. hxg4 Bxg4 11. Ng5 Bxe2 12. Qxe2 e5 13. Ne6 Qe7 14. d5 Nb4 15. a3 Na6 16. Nxf8 Rxf8 17. b4 e4 18. Ra2 Nb8 19. Nd2 Nd7 20. Qg4 Kh8 21. Nxe4 Rf5 22. Ng3 Bc3+ 23. Kd1 Nxg3 24. Bxg3 Nf6 25. Bh4 Nxg4 26. Bxe7 Nxf2+ 27. Kc2 Nxh1 28. Kxc3 Ng3 29. Kd4 Rf7 30. Bd8 Kg7 31. Bg5 h6 32. Bf4 Nf5+ 33. Ke4 g5 34. Bh2 Kg6 35. Re2 h5 36. Kd3 Nh4 37. e4 Rf3+ 38. Re3 g4 39. e5 Nf5 40. Rxf3 gxf3 41. c5 dxe5 42. Bxe5 Ne7 43. d6 cxd6 44. Bxd6 Nf5 45. Bb8 a6 46. a4 f2 47. Ke2 Nd4+ 48. Kxf2 Nc6 49. Bd6 Nxb4 50. Ke3 Kf5 51. Kd4 h4 52. Bh2 Nc6+ 53. Kd5 Kf6 54. Kd6 Na5 55. Kc7 Nb3 56. Kb6 Ke6 57. a5 Kd5 58. Kxb7 Nxa5+ 59. Kxa6 Nb3 60. Kb5 Nxc5 61. Kb4 Ne4 62. Kb3 Ng3 63. Kc2 Ke4 64. Kd1 Kf3 65. Ke1 Kg2 66. Bxg3 hxg3 67. Ke2 Kh2 0-1

[Event "Montevideo Trebejos 50 Anniv op"]
[Site "Montevideo"]
[Date "2022.09.25"]
[Round "9"]
[White "Silva Rosas, Natalia"]
[Black "Fabra, Nahiara"]
[Result "1/2-1/2"]
[WhiteElo "1785"]
[BlackElo "1521"]
[PlyCount "164"]
[EventDate "2022.09.17"]
[EventType "swiss"]
[EventRounds "9"]
[EventCountry "URU"]
[SourceTitle "EXT 2023"]
[Source "ChessBase"]
[SourceDate "2022.10.05"]
[SourceVersion "1"]
[SourceVersionDate "2022.10.05"]
[SourceQuality "1"]

1. e4 c5 2. Nf3 d6 3. d3 g6 4. c3 Bg7 5. g3 e6 6. Bg2 Ne7 7. 0-0 0-0 8. Re1 Nbc6 9. Nbd2 Qc7 10. Qe2 Bd7 11. Nf1 b5 12. Bd2 a5 13. Bg5 h6 14. Bxe7 Nxe7 15. e5 Bc6 16. exd6 Qxd6 17. d4 cxd4 18. cxd4 Rab8 19. a4 bxa4 20. Ne3 Bxf3 21. Bxf3 Qxd4 22. Nc4 Rb4 23. Rac1 Qf6 24. Rc2 Nf5 25. Qd1 Nd4 26. Ne5 Nxc2 27. Qxc2 Qf5 28. Qxf5 exf5 29. Nd3 Rb3 30. Rd1 Rd8 31. Be2 Rdb8 32. Kg2 Bxb2 33. Nc5 Ra3 34. Rd7 Bg7 35. Bc4 Rf8 36. Bb5 Rc8 37. Nxa4 Rb3 38. Rd5 Bc3 39. Ba6 Rc7 40. Nc5 Ra7 41. Nxb3 Rxa6 42. Nc5 Ra7 43. Na4 Bb4 44. Kf3 Kg7 45. Ke3 Kf6 46. h4 Ke6 47. Rd8 Rd7 48. Rh8 Rb7 49. Kd3 Ke5 50. f4+ Kd5 51. Nc3+ Kc6 52. Na2 Rb5 53. Kc2 Rc5+ 54. Kd3 Rd5+ 55. Ke3 f6 56. Rb8 g5 57. Nxb4+ axb4 58. Rxb4 Rb5 59. Rc4+ Kd6 60. Rc8 Rb3+ 61. Kf2 Rb2+ 62. Kf3 Rb7 63. fxg5 fxg5 64. Rh8 Rb3+ 65. Kg2 Rb2+ 66. Kf1 Rb1+ 67. Ke2 Rb2+ 68. Ke3 Rb3+ 69. Kd4 Rxg3 70. Rxh6+ Ke7 71. h5 f4 72. Rg6 Kf7 73. Ke4 Re3+ 74. Kf5 Ra3 75. Rf6+ Kg7 76. h6+ Kh7 77. Kxg5 Ra5+ 78. Kg4 f3 79. Kxf3 Rh5 80. Kg4 Rxh6 81. Rf7+ Kh8 82. Rc7 Ra6 1/2-1/2